Afro-Eurasia Map Quiz - Statistics

General Stats
  • This quiz has been taken 699 times
  • The average score is 104 of 147
Answers on the Map
Answers color-coded by a green-red scale on the quiz's map according to % correct below.
 
Answer Stats
Afro-Eurasia % Correct
Russia
90%
United Kingdom
87%
China
86%
France
85%
India
85%
Denmark
84%
Egypt
84%
Germany
84%
Italy
84%
Japan
84%
Norway
84%
Sweden
84%
Iceland
83%
Iran
83%
North Korea
83%
Spain
83%
Turkey
83%
Finland
82%
Ireland
82%
Mongolia
82%
Poland
82%
South Korea
82%
Portugal
81%
Iraq
80%
Saudi Arabia
80%
Ukraine
80%
Czech Republic
79%
Greece
79%
Kazakhstan
79%
Pakistan
79%
Switzerland
79%
Thailand
79%
Algeria
78%
Belarus
78%
Belgium
78%
Nepal
78%
Netherlands
78%
South Africa
78%
Yemen
78%
Afghanistan
77%
Ethiopia
77%
Indonesia
77%
Lithuania
77%
Morocco
77%
Niger
77%
Sudan
77%
Vietnam
77%
Austria
76%
Israel
76%
Jordan
76%
Latvia
76%
Libya
76%
Oman
76%
Romania
76%
United Arab Emirates
76%
Bulgaria
75%
Estonia
75%
Georgia
75%
Hungary
75%
Nigeria
75%
Uzbekistan
75%
Chad
74%
Democratic Republic of the Congo
74%
Laos
74%
Myanmar
74%
Philippines
74%
Slovakia
74%
Somalia
74%
Azerbaijan
73%
Bangladesh
73%
Croatia
73%
Madagascar
73%
Serbia
73%
South Sudan
73%
Albania
72%
Cambodia
72%
Kosovo
72%
Luxembourg
72%
Malaysia
72%
Moldova
72%
Slovenia
72%
Syria
72%
Armenia
71%
Bhutan
71%
Republic of the Congo
71%
Tunisia
71%
Turkmenistan
71%
Bosnia and Herzegovina
70%
Mali
70%
Malta
70%
Kenya
69%
Kuwait
69%
Kyrgyzstan
69%
Montenegro
69%
North Macedonia
69%
Qatar
69%
Tajikistan
69%
Sri Lanka
68%
Taiwan
68%
Liechtenstein
67%
Cyprus
66%
Lebanon
66%
Andorra
65%
Bahrain
65%
Central African Republic
65%
Eritrea
64%
Ghana
64%
Liberia
64%
San Marino
64%
Vatican City
64%
Angola
63%
Guinea
63%
Lesotho
63%
Mauritania
63%
Tanzania
63%
Zimbabwe
63%
Benin
61%
Mozambique
61%
Togo
61%
Eswatini
60%
Singapore
60%
Zambia
60%
Botswana
59%
Cameroon
59%
Djibouti
59%
Gambia
59%
Maldives
59%
Monaco
59%
Namibia
59%
Brunei
58%
Ivory Coast
58%
Senegal
58%
East Timor
57%
Gabon
57%
Rwanda
57%
Uganda
57%
Equatorial Guinea
56%
Burkina Faso
54%
Cape Verde
54%
Guinea-Bissau
54%
Mauritius
54%
Seychelles
54%
Comoros
53%
Sierra Leone
52%
Burundi
51%
Malawi
50%
São Tomé and Príncipe
47%
No matching quizzes found
Score Distribution
Percent of People with Each Score
Percentile by Number Answered
Your Score History
You have not taken this quiz